Planificación y desarrollo económico

Bibliographic Details
Main Author: Alexander, Robert J.
Format: Section = Libro
Language:Undetermined
Spanish
Published: España Hispano Europea 1963
Subjects:
LEADER 00597nam a2200229Ia 4500
008 240830s9999 xx 000 0 und d
040 |a B-ESTELÍ- RUACS / 338.9 A374 
041 |a spa 
082 |a 338.9 A374 
100 1 |a Alexander, Robert J. 
245 1 0 |a Planificación y desarrollo económico 
260 |a España  |b Hispano Europea  |c 1963 
300 |a 203 p 
650 7 |a PLANIFICACION 
650 7 |b  DESARROLLO 
650 7 |c  ECONOMIA 
650 7 |d  PROBLEMAS AGRARIOS 
650 7 |e  INDUSTIA 
650 7 |f  INVERSION - AYUDA EXTRANJERA 
942 |c BK  |2 ddc 
991 |a TEXTO 
999 |c 10790